German equipment of ww1 - Statistics

General Stats
  • This quiz has been taken 10 times
  • The average score is 8 of 15
Answer Stats
Hint Answer % Correct
What was the only German produced tank called A7V
75%
elite troops that where introduced in 1916 stormtroopers
75%
how many of said tank where produced during the war 20
63%
German uniform introduced in 1915 M15
63%
what was the first and only SMG of ww1 MP18
63%
German leather helmet Pickelhaube
63%
How many of them reached the front 18
50%
What does the German belt buckle say Got mit uns
50%
Common officers pistol Luger PO9/Mauser 96
50%
German Uniform with red stripes M10
50%
First steal helmet Germany introduced M16
50%
What was the main distinction between Bavarian and Prussian, mid to late war tunics feldgrau collar
25%
most used cuffed design on the early war tunic prussian cuffs
25%
What was another common cuff design Swedish cuffs
25%
What was the hand painted camo called tri-color
25%
No matching quizzes found
Score Distribution
Percent of People with Each Score
Percentile by Number Answered
Your Score History
You have not taken this quiz